000 01030cam a2200289 i 4500
001 18380900
003 EG-ScBUE
005 20260301102734.0
008 141114t2015 enka frb f001 0 eng d
020 _a9780199672547
040 _aDLC
_beng
_erda
_cDLC
_dEG-ScBUE
082 0 4 _a577.0727
_bECO
_222
245 0 0 _aEcological statistics :
_bcontemporary theory and application /
_cedited by Gordon A. Fox, Simoneta Negrete-Yankelevich, Vinicio J. Sosa.
264 1 _aOxford :
_bOxford University Press,
_c[2015]
264 4 _cc2015
300 _axv, 389 pages :
_billustrations ;
_c26 cm
504 _aIncludes bibliographical references and index.
650 7 _aEcology
_xStatistical methods.
_2BUEsh
650 7 _aEcology
_xStatistical methods
_xData processing.
_2BUEsh
651 _2BUEsh
653 _bBUSECO
_cJune2015
_cJuly2015
655 _vReading book
700 1 _aFox, Gordon A.,
_d1952-
_eeditor.
700 1 _aNegrete-Yankelevich, Simoneta,
_eeditor.
700 1 _aSosa, Vinicio J.,
_eeditor.
942 _2ddc
_cBB
999 _c19563
_d19535